BSOP header

The Children's Treasury of Knowledge: (Record no. 55185)

MARC details
000 -LEADER
fixed length control field 00422nam a22001337a 4500
005 - DATE AND TIME OF LATEST TRANSACTION
control field 20260127135336.0
008 - FIXED-LENGTH DATA ELEMENTS--GENERAL INFORMATION
fixed length control field 260127b |||||||| |||| 00| 0 eng d
040 ## - CATALOGING SOURCE
Original cataloging agency BSOP
100 ## - MAIN ENTRY--PERSONAL NAME
Personal name Ozaki, Hiroshi.
245 ## - TITLE STATEMENT
Title The Children's Treasury of Knowledge:
Remainder of title Prehistoric Life /
Statement of responsibility, etc Hiroshi Ozaki
264 ## - PRODUCTION, PUBLICATION, DISTRIBUTION, MANUFACTURE STATEMENTS
Place of production, publication, distribution, manufacture Singapore:
Name of producer, publisher, distributor, manufacturer <a href="Time-Life Libraries (Asia) Pte. Ltd.;">Time-Life Libraries (Asia) Pte. Ltd.;</a>
Date of production, publication, distribution, manufacture 1975.
300 ## - PHYSICAL DESCRIPTION
Extent 113p.:
Other physical details illustrations;
Dimensions 30cm.
942 ## - ADDED ENTRY ELEMENTS (KOHA)
Source of classification or shelving scheme Library of Congress Classification
Item type Books
Holdings
Withdrawn status Lost status Source of classification or shelving scheme Damaged status Not for loan Home library Current library Shelving location Date acquired Inventory number Total Checkouts Full call number Barcode Date last seen Price effective from Koha item type
    Library of Congress Classification     BSOP Library BSOP Library Fiction 01/27/2026 48797   FIC Oz1c 1975 00062511 01/27/2026 01/27/2026 Books
BSOP

Biblical Seminary of the Philippines
  All rights Reserved
  © 2024

CONTACT INFORMATION

Biblical Seminary of the Philippines,
  77-B Karuhatan Road, Valenzuela City,
  PHILIPPINES 1441
  Phone: +632 8292-6795 / 8292-6798
  Fax : +632 8292-6675
  Email: library@bsop.edu.ph